1520 1834 1796 1091 1159 1374 1297 1227 1759 1717 1263 1800 1677 1965 1477 1822 1233 1462 1971 1237 1875 1508 1508 1477 1580 1453 1638 1428 1551 1809 1957 1024 1284 1218 1040 1384 1066 1085 1627 1842 1756 1049 1547 1710 1870 1125 1147 1015 1636 1687 1690 1591 1964 1331 1238 1797 1467 1389 1323 1110 1616 1019 1385 1196 1269 1698 1955 1715 1965 1507 1218 1198 1149 1699 1685 1667 1044 1064 1722 1451 1143 1950 1437 1014 1711 1606 1825 1614 1391 1448 1121 1376 1801 1596 1701 1513 1195 1941 1128 BCNSPRNW ULIB Ver.6.0+V

เปลี่ยนเป็นภาษาไทย

Change to English
 แสดงรายละเอียดบรรณานุกรม
  กลับหน้าหลัก

Brief Record : Get Marc (ISO 2709) : E-mail record : QR code < ปิดหน้าต่าง
LEADER : 00000nam 2200000uu 4500
001    13399126336
003     ULIB
008    180910s2560||||th 000 0 tha d
020    ^a9786164071711^c250
060  4 ^aWB 320^bต367
245 00 ^aตำราเวชศาสตร์ฟื้นฟู =^bRehabilitation medicine textbook /^cบรรณาธิการ, วสุวัฒน์ กิติสมประยูรกุล, ภัทรพล ยศเนืองนิตย์, สิริขวัญ ปัญญาศรีวณิช
246 31 ^aRehabilitation medicine textbook
250    ^aพืมพ์ครั้งที่ 4
260    ^aกรุงเทพฯ :^bภาควิชาเวชศาสตร์ฟื้นฟู คณะแพทยศาสตร์ จุฬาลงกรณ์มหาวิทยาลัย,^c2560
300    ^a426 หน้า :^bภาพประกอบ
650  2 ^aRehabilitation
650  4 ^aการฟื้นฟูสมรรถภาพ
650  4 ^aเวชศาสตร์ฟื้นฟู
650  4 ^aการประกอบโรคศิลป์
700 0  ^aวสุวัฒน์ กิติสมประยูรกุล,^eบรรณาธิการ
700 0  ^aภัทรพล ยศเนืองนิตย์,^eบรรณาธิการ
700 0  ^aสิริขวัญ ปัญญาศรีวณิช,^eบรรณาธิการ
710 2  ^aสภากาชาดไทย.^bศูนย์เวชศาสตร์ฟื้นฟู
710 2  ^aจุฬาลงกรณ์มหาวิทยาลัย.^bคณะแพทยศาสตร์.^bภาควิชาเวชศาสตร์ฟื้นฟู
945    ^p250^l0^i26583
945    ^p250^l0^i26582
999    ^aกัณชพร จุลอักษร
รายการนี้ยังไม่มีแท็ก
คุณยังไม่ได้ล็อกอิน คุณสามารถมีกิจกรรมร่วมกับเว็บไซต์ได้ แต่ต้องล็อกอินก่อน ::
  ล็อกอิน

รายการสื่อสารสนเทศ

ลำดับที่ ประเภท เลขเรียก/บาร์โค้ด สถานที่ สถานะ
1. หนังสือสำรอง
หนังสือสำรอง
WB 320 ต367 ฉ.1 
  Barcode: 26582
ห้องสมุดวิทยาเขตนครสวรรค์
►หนังสือทั่วไป:l:General Books
บนชั้น
2. วิทยาศาสตร์การแพทย์ และสุขภาพ
วิทยาศาสตร์การแพทย์ และสุขภาพ
WB 320 ต367 ฉ.2 
  Barcode: 26583
ห้องสมุดวิทยาเขตนครสวรรค์
►หนังสือทั่วไป:l:General Books
บนชั้น

รายการใกล้เคียง
    หัวเรื่อง [Rehabilitation]
    หัวเรื่อง [การฟื้นฟูสมรรถภาพ]
    หัวเรื่อง [เวชศาสตร์ฟื้นฟู]
    หัวเรื่อง [การประกอบโรคศิลป์]

BibComment


ยังไม่เคยถูกคอมเมนท์

คอมเมนท์ทรัพยากรรายการนี้
  คอมเมนท์: ตำราเวชศาสตร์ฟื้..


 Copyright 2026. Bcnsprnw @Library